| 000 | 00427nam a2200181Ia 4500 | ||
|---|---|---|---|
| 005 | 20250423095435.0 | ||
| 008 | 250422s9999 xx 000 0 und d | ||
| 020 | _a0- 534- 37758- 0 | ||
| 050 | _aQA 154.2 .S96/ | ||
| 100 | _aEarl W. Swokowski | ||
| 245 | 0 | _aFundamentals of college algebra | |
| 250 | _a10th ed. | ||
| 260 | _bThomson learning | ||
| 260 | _c2001 | ||
| 300 | _a610 p | ||
| 650 | _aAlgebra | ||
| 942 | _cBK | ||
| 999 |
_c30283 _d30283 |
||